000 00701nam0a22002291 4500
001 rc\695226
005 20260405055637.0
035 _a(NLR Aleph) 005931672
090 _a6584987
_c6584987
100 _a20031121d1985 |||y0rusy50 ca
101 0 _arus
102 _aRU
105 _ay |||||||||
200 1 _aЭкспертиза
_eДрама в 2 д.
_fОтв. ред. Л. Ярыгин
210 _aМ.
_cВААП-Информ
_d1985
215 _a71 л.
_d28
700 1 _7ca
_8rus
_aЛевашов
_bВ. В.
_f1937-2016
_gВиктор Владимирович
_92209
_3RU\NLR\AUTH\7719136
801 0 _aRU
_bNLR
_gpsbo
801 1 _aRU
_bELAR
_2rusmarc
852 _aNLR
_j87-8/746
942 _cBOOK
980 _aNB